00527nam a2200145Ia 4500008004100000020001800041082002500059100003300084245007600117260002300193300001100216650003800227952009900265999001700364120622s9999 xx 000 0 und d a968-24-3552-8 aC 302.203 M917d 1998 aMota Oreja, Ignacio H. de la aDiccionario de comunicación audiovisual / Ignacio H. de la Mota Oreja aMéxico : Trillas a497 p. a1. COMUNICACION - DICCIONARIOSÌ 00104070a01b01d2007-01-25l0oC 302.203 M917D 1998p01 007671r2012-06-24w2012-06-24yLB c54708d54708